000 00774nam a2200241Ia 4500
003 OSt
005 20220923221745.0
006 a|||||r|||| 00| 0
007 ta
008 220922b |||||||| |||| 00| 0 hin d
024 _a199,875
037 _cTextual
040 _aARTS
_cARTS
_bhin
041 _2hin
_ahin
082 _aQ224:g, 1528L6
100 _aशेखावत, कल्याणसिंह, संपा.
_9156505
245 0 _aरामकथा
246 _aRāmakathā
260 _aजोधपुर
_b उषा पब्लिशिंग हाउस
_c1976
300 _a165पृ.
_ccm.
942 _hQ224:g, 1528L6
_cTEXL
_2CC
999 _c351577
_d351577